Hire Purchase in India with a Case Study on : (Record no. 230531)
[ view plain ]
| 000 -LEADER | |
|---|---|
| fixed length control field | 00454nam a22001457a 4500 |
| 005 - DATE AND TIME OF LATEST TRANSACTION | |
| control field | 20240319154145.0 |
| 008 - FIXED-LENGTH DATA ELEMENTS--GENERAL INFORMATION | |
| fixed length control field | 240319b ||||| |||| 00| 0 eng d |
| 040 ## - CATALOGING SOURCE | |
| Transcribing agency | AL |
| 082 ## - DEWEY DECIMAL CLASSIFICATION NUMBER | |
| Edition number | 23 |
| Classification number | 332.743 |
| Item number | HIRE |
| 245 ## - TITLE STATEMENT | |
| Title | Hire Purchase in India with a Case Study on : |
| Remainder of title | Shriram Group Companies Mangalore Branch |
| 260 ## - PUBLICATION, DISTRIBUTION, ETC. | |
| Place of publication, distribution, etc. | Mangalore |
| Name of publisher, distributor, etc. | St Aloysius College |
| Date of publication, distribution, etc. | 1993 |
| 650 ## - SUBJECT ADDED ENTRY--TOPICAL TERM | |
| Topical term or geographic name entry element | Project Report |
| 9 (RLIN) | 155460 |
| 700 ## - ADDED ENTRY--PERSONAL NAME | |
| Personal name | DSOUZA (Clony S) |
| 9 (RLIN) | 155461 |
| 942 ## - ADDED ENTRY ELEMENTS (KOHA) | |
| Source of classification or shelving scheme | Dewey Decimal Classification |
| Koha item type | Project Report |
| Withdrawn status | Lost status | Source of classification or shelving scheme | Damaged status | Not for loan | Collection code | Home library | Current library | Date acquired | Total Checkouts | Full call number | Barcode | Date last seen | Price effective from | Koha item type |
|---|---|---|---|---|---|---|---|---|---|---|---|---|---|---|
| Dewey Decimal Classification | Not for loan | Management | St Aloysius Library | St Aloysius Library | 03/19/2024 | 332.743 HIRE | D00072 | 03/19/2024 | 03/19/2024 | Project Report |